00569nam a22001697a 4500008004100000020002200041050002000063100004200083245008000125260003500205300001800240440002700258504002700285650002400312650003500336650002800371140912b1997 m |||| |||| 00| 0 s d a978-607-7921-13-414aBF94.9 C67 1997 aCORRES Ayala, Patricia, autoreautor 1aAlteridad y Tiempo en el Sujeto y la HistoriacPatricia Corres Ayalahautor 3aMéxico b: Fontamarac, 1997 a174 páginas aColección Argumentos aIncluye bibliografía 1a1. FENOMENOLOGÍA  1a2. PSICOLOGÍA FENOMENOLOGICA 1a 3. PSICOLOGÍA SOCIAL